Countries Where it has Never Snowed - Statistics

General Stats
  • This quiz has been taken 61 times
  • The average score is 15 of 23
Answer Stats
Continent Answer % Correct
South America Guyana
80%
Oceania Fiji
78%
South America Suriname
78%
North America Saint Kitts and Nevis
74%
Oceania Palau
72%
North America Saint Lucia
70%
North America Saint Vincent and the Grenadines
70%
Oceania Tuvalu
70%
Oceania Vanuatu
70%
Oceania Nauru
68%
Asia Maldives
66%
Oceania Tonga
66%
Asia Brunei
64%
Asia Singapore
64%
Asia East Timor
62%
Oceania Kiribati
62%
Asia Bahrain
58%
Oceania Federated States of Micronesia
58%
North America Belize
54%
Asia Kuwait
54%
North America El Salvador
50%
Asia Bangladesh
38%
Africa Equatorial Guinea
30%
No matching quizzes found
Score Distribution
Percent of People with Each Score
Percentile by Number Answered
Your Score History
You have not taken this quiz